Doğru sanılan yanlışlarla (Record no. 2814)

MARC details
000 -BAŞLIK
Sabit Uzunlukta Kontrol Alanı 01057na a2200325 4500
001 - KONTROL NUMARASI
Denetim Alanı 13550
003 - KONTROL NUMARASI IDENTIFIER
Denetim Alanı MIRAKIL
005 - SON İŞLEM TARİHİ VE ZAMANI
Denetim Alanı 20181213154910.0
008 - SABİT-BOY VERİ ELEMANLARI - GENEL BİLGİLER
Sabit Uzunlukta Kontrol Alanı 160828b tu 000 0
020 ## - ULUSLARARASI STANDART KİTAP NUMARASI
Uluslararası Standart Kitap Numarası 9789751948403
035 ## - SİSTEM KONTROL NUMARASI
Sistem Kontrol Numarası 13550
040 ## - KATALOGLAMA KAYNAK
Orijinal Kataloglama Ajansı Milas
Kataloglama Dili tur
Metne Dönüştürmek Ajansı TR-AnCHP
082 ## - DEWEY ONLU SINIFLANDIRMA NUMARASI
Sınıflandırma Numarası 337.142
Ürün Numarası K37d 2010
090 ## - SINIFLAMA NUMARASI
Sınıflama Numarası 337.142 K37d 2010
100 ## - ANA GİRİŞ - KİŞİSEL İSİM
Kişisel Ad Keskin. M. Hakan
245 ## - BAŞLIK TABLOSU
Başlık Doğru sanılan yanlışlarla
Başlığın Kalan Avrupa Birliği
Sorumluluk Tablosu, Vb M. Hakan Keskin
246 ## - UNVAN FORM VARYING
Başlık Doğru / Kısa Başlığı Avrupa Birliği
250 ## - EDITION TABLOSU
Baskı Beyanı 2. bs.
260 ## - YAYIN, DAĞITIM, VB
Yayın, Dağıtım, Vb Yeri Ankara
Yayıncı, Dağıtıcı, Vs Adı Başbakanlık Avrupa Birliği genel sekreterliği
Yayın, Dağıtım, Vb Tarihi 2010
300 ## - FİZİKSEL TANIM
Kapsam 467 s.
Diğer Fiziksel Ayrıntıları tbl.; res.
Boyutlar 22 sm.
504 ## - KAYNAKÇA VB NOT
Kaynakça Vb Notu Kaynakça var.
650 ## - KONU KATMA GİRİŞ - TOPİKAL DÖNEM
Topikal Süreli Veya Coğrafi Ad Giriş Elemanı Avrupa federasyonu
Genel Alt Bölümü Tarih
650 ## - KONU KATMA GİRİŞ - TOPİKAL DÖNEM
Topikal Süreli Veya Coğrafi Ad Giriş Elemanı Federal yönetim
Coğrafi Alt Bölümü Avrupa Birliği ülkeleri
650 ## - KONU KATMA GİRİŞ - TOPİKAL DÖNEM
Topikal Süreli Veya Coğrafi Ad Giriş Elemanı Avrupa Toplulukları
Genel Alt Bölümü Tarih
650 ## - KONU KATMA GİRİŞ - TOPİKAL DÖNEM
Topikal Süreli Veya Coğrafi Ad Giriş Elemanı Avrupa Ekonomik Topluluğu
Genel Alt Bölümü Dış ilişkiler
Coğrafi Alt Bölümü Türkiye
650 ## - KONU KATMA GİRİŞ - TOPİKAL DÖNEM
Topikal Süreli Veya Coğrafi Ad Giriş Elemanı Avrupa Birliği
Genel Alt Bölümü Tarih
651 ## - KONU KATMA GİRİŞ - COĞRAFİ ADI
Coğrafi İsim Türkiye
Genel Alt Bölümü Dış ekonomik ilişkiler
Coğrafi Alt Bölümü Avrupa Birliği
651 ## - KONU KATMA GİRİŞ - COĞRAFİ ADI
Coğrafi İsim Avrupa
Genel Alt Bölümü Tarih
-- Ekonomik bütünleşme
942 ## - EKLENDİ GİRİŞ ELEMANLARI (KOHA)
Sınıflandırma Veya Raf Düzeni Kaynak Dewey Decimal Classification
Koha Öğesi Türü Books
999 ## - SİSTEM KONTROL NUMARALARI (KOHA)
Koha Biblionumber 2814
Koha Biblioitemnumber 2814
Holdings
Kalıcı Konum Mevcut Konum Edinme Tarihi Edinim Kaynak Toplam Check-Out'Lar Tam Çağrı Numarası Barkod Tarih Son Görülme İtibaren Geçerli Fiyatlar Koha Öğesi Türü
CHP Kütüphanesi CHP Kütüphanesi 08/15/2016 Bağış   337.142 K37d 2010 001237 08/15/2016 08/15/2016 Books